[Event "European Blitz 2017"]
[Site "Katowice POL"]
[Date "2017.12.15"]
[Round "19.91"]
[White "Michalski, Filip"]
[Black "Koscielski, Janusz"]
[Result "1-0"]
[BlackTitle "FM"]
[WhiteElo "2089"]
[BlackElo "2339"]
[WhiteFideId "1151371"]
[BlackFideId "4614437"]
[EventDate "2017.12.15"]
[EventType "blitz"]

1. d4 Nf6 2. c4 g6 3. Nc3 Bg7 4. e4 d6 5. Nf3 O-O 6. Be2 e5 7. Be3 Ng4 8. Bg5 f6
9. Bh4 Nc6 10. d5 Ne7 11. O-O Nh6 12. Nd2 c5 13. dxc6 bxc6 14. c5 d5 15. exd5
cxd5 16. b4 Nhf5 17. Bg3 Kh8 18. a4 Nc6 19. b5 Ncd4 20. Rc1 Be6 21. Nf3 Nxf3+
22. Bxf3 Nd4 23. Rb1 f5 24. h3 f4 25. Bh2 Nxf3+ 26. Qxf3 e4 27. Nxe4 dxe4 28.
Qxe4 Bf5 29. Qb7 Bxb1 30. Rxb1 Qd3 31. Rf1 Qc4 32. c6 Qxa4 33. c7 Qc4 34. Rd1
Qc2 35. Re1 Rac8 36. Bxf4 Rxf4 1-0

[Event "European Blitz 2017"]
[Site "Katowice POL"]
[Date "2017.12.15"]
[Round "19.92"]
[White "Brazdzionis, Andrius"]
[Black "Koziol, Kamil"]
[Result "1-0"]
[BlackTitle "FM"]
[WhiteElo "2293"]
[BlackElo "2305"]
[WhiteFideId "12804479"]
[BlackFideId "1161555"]
[EventDate "2017.12.15"]
[EventType "blitz"]

1. d4 Nf6 2. Nf3 e6 3. c4 d5 4. g3 c5 5. cxd5 exd5 6. Bg2 Nc6 7. O-O Be7 8. Nc3
O-O 9. Bg5 c4 10. Ne5 Be6 11. Nxc6 bxc6 12. b3 Qa5 13. Na4 Rab8 14. Qc2 Rfc8 15.
e3 Rb4 16. Bxf6 Bxf6 17. Nc5 Qd8 18. Qc3 a5 19. a3 Rbb8 20. bxc4 Bf5 21. Rfd1 h5
22. e4 dxe4 23. Bxe4 Bg4 24. f3 Bh3 25. Bc2 h4 26. Ne4 hxg3 27. hxg3 Be6 28. Qd3
c5 29. Nxf6+ Qxf6 30. d5 Bd7 31. Rab1 Rxb1 32. Rxb1 g6 33. Kg2 Bf5 34. Qd2 Re8
35. Bxf5 Qxf5 36. Rf1 Kg7 37. Rf2 Rh8 38. g4 Qd7 39. Qe3 Qd6 40. f4 Rb8 41. Qe5+
Qxe5 42. fxe5 Rb3 43. Rd2 Rb7 44. Kf3 f6 45. d6 Kf7 46. d7 Rxd7 47. Rxd7+ Ke6
48. Rc7 Kxe5 49. Rxc5+ Kd4 50. Rxa5 Kxc4 51. Ra6 Kd5 1-0

[Event "European Blitz 2017"]
[Site "Katowice POL"]
[Date "2017.12.15"]
[Round "19.93"]
[White "Sotsky, Alexander"]
[Black "Sliwicka, Alicja"]
[Result "0-1"]
[WhiteTitle "IM"]
[BlackTitle "WFM"]
[WhiteElo "2333"]
[BlackElo "2337"]
[WhiteFideId "4130715"]
[BlackFideId "1150677"]
[EventDate "2017.12.15"]
[EventType "blitz"]

1. d4 Nf6 2. Bg5 Ne4 3. Bh4 c5 4. f3 Nd6 5. dxc5 Qa5+ 6. Qd2 Qxc5 7. Bf2 Qc7 8.
e4 Nc6 9. Nc3 e6 10. Bd3 Be7 11. Nge2 a6 12. O-O b5 13. a3 Bb7 14. Rad1 O-O 15.
f4 Rad8 16. Qe3 Nc4 17. Bxc4 bxc4 18. Ng3 Rfe8 19. e5 d5 20. exd6 Bxd6 21. Nh5
Ne7 22. Ne2 Nf5 23. Qh3 Bc5 24. Rxd8 Rxd8 25. Bxc5 Qxc5+ 26. Kh1 Ne3 27. Rg1
Nxg2 0-1

[Event "European Blitz 2017"]
[Site "Katowice POL"]
[Date "2017.12.15"]
[Round "19.94"]
[White "Djuric, Stefan"]
[Black "Bednarczyk, Damian"]
[Result "0-1"]
[WhiteTitle "GM"]
[WhiteElo "2383"]
[BlackElo "2227"]
[WhiteFideId "900133"]
[BlackFideId "1137000"]
[EventDate "2017.12.15"]
[EventType "swiss"]

1. e4 c5 2. Nf3 d6 3. Nc3 Nf6 4. d4 cxd4 5. Nxd4 g6 6. f4 Nbd7 7. Nf3 Qc7 8. Bd3
Bg7 9. O-O O-O 10. Kh1 Nc5 11. e5 dxe5 12. fxe5 Nfd7 13. Nd5 Qd8 14. Bg5 Re8 15.
Bc4 Ne6 16. Bh4 b5 17. Bxb5 Rb8 18. Ba4 Qa5 19. Bxd7 Bxd7 20. Nxe7+ Rxe7 21.
Bxe7 Bb5 22. Qd5 Qb6 23. Bd6 Rc8 24. Rfd1 Bc4 25. Qe4 Qxb2 26. a4 Qc3 27. Qb7
Re8 28. Qb4 Qxb4 29. Bxb4 Nf4 30. Bd6 Ne2 31. Rd2 Rc8 32. Rb1 Ba6 33. Rb8 Rxb8
34. Bxb8 h6 35. Bxa7 Nf4 36. Rd6 Bc4 37. Rc6 Bd5 38. Rc8+ Kh7 39. c4 Be4 40. Bb8
g5 41. h3 Nxh3 42. gxh3 Bxf3+ 43. Kh2 Bb7 44. Rc5 Kg6 45. a5 Bf8 46. Rb5 Be4 47.
Bd6 0-1

[Event "European Blitz 2017"]
[Site "Katowice POL"]
[Date "2017.12.15"]
[Round "19.95"]
[White "Kaleta, Blazej"]
[Black "Babanin, Gleb"]
[Result "0-1"]
[WhiteElo "2110"]
[BlackElo "2094"]
[WhiteFideId "1170252"]
[BlackFideId "34152536"]
[EventDate "2017.12.15"]
[EventType "blitz"]

1. d4 Nf6 2. c4 e6 3. Nf3 d5 4. e3 Nbd7 5. Nc3 Bb4 6. a3 Bxc3+ 7. bxc3 c5 8. Bb2
Qa5 9. cxd5 exd5 10. Bd3 b6 11. O-O Ba6 12. Bxa6 Qxa6 13. a4 O-O 14. Qb3 Rfc8
15. Rfd1 c4 16. Qc2 Qb7 17. Nd2 Re8 18. Ba3 Qc6 19. Bb4 a5 20. Ba3 Ne4 21. Nf3
f5 22. Rab1 g6 23. Rb5 Re6 24. Rdb1 h6 25. g3 Rae8 26. Nh4 Qc7 27. Rxd5 Ndf6 28.
Rdb5 Ng4 29. Rf1 Qf7 30. Bc1 g5 31. Ng2 Qh5 32. h4 gxh4 33. Nxh4 Rf6 34. Qe2 Rc8
35. Bb2 Kh7 36. Qf3 Rcf8 37. Qf4 Ng5 38. Kg2 Qe8 39. Ba3 R8f7 40. Rh1 Qe4+ 41.
Qxe4 fxe4 42. Rf1 Nxe3+ 43. fxe3 Rxf1 44. Rb2 Ra1 45. Bd6 Nf3 46. Bf4 Nxh4+ 47.
gxh4 Rf6 48. d5 Rxa4 49. d6 Ra1 50. Rxb6 Rd1 51. Ra6 Rd5 52. Rc6 a4 53. Ra6 Rd2+
54. Kh3 Kg6 55. Rxa4 Kh5 56. Ra5+ Kg6 57. Rc5 Rd3 58. Rxc4 Rxf4 59. d7 Rxe3+ 60.
Kg2 Rg4+ 61. Kf2 Rf3+ 62. Ke2 Rg2+ 63. Ke1 Rf8 64. Rxe4 Rd8 65. Rd4 Kf6 66. Rd6+
Ke7 67. Rxh6 Rxd7 68. c4 Rd4 69. c5 Rc4 70. Kf1 Ra2 71. Rh7+ Kf6 72. Rh6+ Kg7
73. Rd6 Rc1+ 0-1

[Event "European Blitz 2017"]
[Site "Katowice POL"]
[Date "2017.12.15"]
[Round "19.96"]
[White "Heinzel, Olaf"]
[Black "Szadkowski, Krzysztof"]
[Result "1-0"]
[WhiteTitle "IM"]
[WhiteElo "2360"]
[BlackElo "2138"]
[WhiteFideId "4626664"]
[BlackFideId "1125060"]
[EventDate "2017.12.15"]
[EventType "blitz"]

1. d4 Nf6 2. Bf4 c5 3. e3 cxd4 4. exd4 Qb6 5. Nc3 d6 6. a3 Bd7 7. Rb1 g6 8. Nf3
Bg7 9. Be2 O-O 10. O-O Na6 11. h3 Nc7 12. Bh2 Ncd5 13. Nxd5 Nxd5 14. c3 Bc6 15.
Re1 Rfe8 16. Bf1 Rac8 17. Qd2 Nf6 18. Qd3 a6 19. c4 Bd7 20. Qd2 Bf5 21. Rbc1 Ne4
22. Qe2 d5 23. c5 Qb3 24. Nh4 Bxd4 25. Nxf5 gxf5 26. Qh5 e6 27. Rxe4 dxe4 28.
Rd1 Bg7 29. Bd6 Qxb2 30. g4 Qf6 31. Bg2 b6 32. cxb6 Rc2 33. b7 Rb2 34. b8=Q
Rbxb8 35. Bxb8 Rxb8 36. gxf5 exf5 37. Qe2 Re8 38. Bf1 f4 39. Qxa6 Qg5+ 1-0

[Event "European Blitz 2017"]
[Site "Katowice POL"]
[Date "2017.12.15"]
[Round "19.98"]
[White "Smolin, Sergey1"]
[Black "Amores Gago, Javier"]
[Result "0-1"]
[WhiteTitle "IM"]
[WhiteElo "2153"]
[BlackElo "2139"]
[WhiteFideId "4131177"]
[BlackFideId "32004192"]
[EventDate "2017.12.15"]
[EventType "blitz"]

1. e4 d5 2. exd5 Qxd5 3. Nc3 Qa5 4. Bc4 Nf6 5. Nf3 Bg4 6. h3 Bh5 7. g4 Bg6 8. d3
c6 9. Bd2 Qc7 10. Qe2 Nbd7 11. O-O-O O-O-O 12. Kb1 e6 13. Ne4 Nb6 14. Bb3 Be7
15. Ba5 Kb8 16. Nfd2 Nfd5 17. a3 h5 18. f3 Nf4 19. Qf2 h4 20. Nc4 Nfd5 21. Rhf1
c5 22. f4 f6 23. Rde1 Qc6 24. Nxb6 axb6 25. Bd2 Rde8 26. Nc3 Bd8 27. Re2 Re7 28.
Rfe1 Rhe8 29. Nxd5 exd5 30. Rxe7 Rxe7 31. f5 Bf7 32. Qxh4 c4 33. dxc4 dxc4 34.
Ba2 Qd5 35. Bc3 b5 36. Qf2 Bb6 37. Qf1 Re4 38. Rxe4 Qxe4 39. a4 bxa4 40. Qd1 Qd5
41. Qxd5 Bxd5 42. Kc1 Be3+ 43. Kd1 b5 44. Ke2 Bc5 45. Kf1 Kc7 46. h4 b4 47. Be1
b3 48. cxb3 cxb3 49. Bb1 Bf3 50. Bg3+ Kd7 51. g5 Bd4 52. g6 Bxb2 53. Bd3 Bd4 54.
Be2 Bxe2+ 55. Kxe2 b2 56. h5 b1=Q 57. h6 Qe4+ 58. Kf1 Qf3+ 59. Ke1 Qxg3+ 60. Kd2
Qe3+ 61. Kc2 Qxh6 62. Kd3 Qe3+ 63. Kc4 Qc3+ 64. Kb5 Qc5+ 65. Kxa4 Qb6 66. Ka3
Kc6 67. Ka4 Kc5 68. Ka3 Kc4 69. Ka2 Qb2# 0-1

[Event "European Blitz 2017"]
[Site "Katowice POL"]
[Date "2017.12.15"]
[Round "19.99"]
[White "Pribyl, Josef"]
[Black "Terbe, Julianna"]
[Result "1/2-1/2"]
[WhiteTitle "IM"]
[BlackTitle "WIM"]
[WhiteElo "2263"]
[BlackElo "2259"]
[WhiteFideId "300187"]
[BlackFideId "708780"]
[EventDate "2017.12.15"]
[EventType "blitz"]

1. e4 d5 2. d4 Nf6 3. Nf3 c6 4. g3 Bf5 5. Bg2 e6 6. O-O h6 7. Nbd2 Nbd7 8. c4
Be7 9. b3 O-O 10. Bb2 a5 11. Re1 Re8 12. a3 Bh7 13. Ne5 Bf8 14. Bc3 Qc7 15. Nxd7
Nxd7 16. c5 b5 17. b4 a4 18. Qe2 dxe4 19. Nxe4 Be7 20. Qf3 Rac8 21. Bd2 Nf6 22.
Qf4 Nd5 23. Qxc7 Rxc7 1/2-1/2

[Event "European Blitz 2017"]
[Site "Katowice POL"]
[Date "2017.12.15"]
[Round "19.100"]
[White "Dudzinski, Pawel"]
[Black "Nasibullin, Iskander"]
[Result "1-0"]
[WhiteTitle "FM"]
[WhiteElo "2241"]
[BlackElo "2088"]
[WhiteFideId "1117890"]
[BlackFideId "34124273"]
[EventDate "2017.12.15"]
[EventType "blitz"]

1. e4 c5 2. Nc3 Nc6 3. g3 g6 4. Bg2 Bg7 5. d3 d6 6. Be3 e6 7. Qd2 Nge7 8. Bh6
O-O 9. h4 Bh8 10. Bxf8 Qxf8 11. h5 Bd7 12. hxg6 fxg6 13. f4 Nd4 14. Nf3 Bc6 15.
Ng5 h6 16. Nf3 Bg7 17. Nd1 b5 18. c3 Nxf3+ 19. Bxf3 e5 20. Bg4 exf4 21. gxf4 d5
22. Be6+ Kh7 23. e5 d4 24. Rh3 Nf5 25. Qh2 Re8 26. Bxf5 Qxf5 27. Nf2 dxc3 28.
bxc3 b4 29. cxb4 cxb4 30. Rc1 Re6 31. Qg3 Be8 32. Ng4 h5 33. Nf2 Ra6 34. Rc2 b3
35. axb3 Ra1+ 36. Ke2 Qf7 37. Rb2 Bb5 38. Ne4 Qf5 39. Nd6 Qd7 40. f5 Qxd6 41.
exd6 Bxb2 42. Qxg6+ 1-0

[Event "European Blitz 2017"]
[Site "Katowice POL"]
[Date "2017.12.15"]
[Round "20.1"]
[White "Michalik, Peter"]
[Black "Kovalenko, Igor"]
[Result "1/2-1/2"]
[WhiteTitle "GM"]
[BlackTitle "GM"]
[WhiteElo "2557"]
[BlackElo "2639"]
[WhiteFideId "14907526"]
[BlackFideId "14117908"]
[EventDate "2017.12.15"]
[EventType "blitz"]

1. d4 Nf6 2. c4 e6 3. Nf3 b6 4. g3 Ba6 5. b3 d5 6. cxd5 exd5 7. Bg2 Bb4+ 8. Bd2
Bxd2+ 9. Nbxd2 O-O 10. O-O Re8 11. Re1 c5 12. Ne5 Nbd7 13. Nxd7 Qxd7 14. Nf3
Rad8 15. Rc1 Qb5 16. e3 Qa5 17. dxc5 bxc5 18. Qd2 Qa3 19. Qc2 Rc8 20. Nd2 h6 21.
h3 Re6 22. Nb1 Qa5 23. Qd2 Qd8 24. Nc3 d4 25. Na4 Qd6 26. exd4 Rxe1+ 27. Rxe1
cxd4 28. Rd1 Rd8 29. Qa5 Be2 30. Rd2 d3 31. Nc3 Bh5 32. Qxa7 Bg6 33. Qa5 Qe7 34.
Kh2 h5 35. Qb6 Rc8 36. Nd5 Nxd5 37. Bxd5 Kh7 38. Qe3 Qf6 39. Be4 Rd8 40. Bxg6+
Qxg6 41. a4 h4 42. gxh4 Qf5 43. Qg3 Rd4 44. a5 Qxa5 45. Rxd3 Rb4 46. Rf3 f6 47.
Qd6 Rxh4 48. Qd3+ Kh6 49. Qe3+ Kh7 50. Rg3 Qc7 51. Qd3+ Kh8 52. Qc3 Qa7 53. Qe3
Qf7 54. Qc3 Rh5 55. Qc8+ Kh7 56. Qg4 f5 57. Qf3 Rh6 58. Qf4 Rf6 59. b4 Re6 60.
b5 Re4 61. Qg5 Rb4 62. Rf3 Rxb5 63. Qh4+ Kg8 64. Qd8+ Kh7 65. Qh4+ Kg8 66. Qd8+
Qf8 67. Qxf8+ Kxf8 68. Rc3 Kf7 69. Kg2 Kf6 70. Rd3 Kg5 71. Rg3+ Kf6 72. Ra3 g5
73. Ra6+ Ke5 74. Rg6 Kf4 75. Ra6 Rb4 76. Ra5 Rc4 77. Rb5 g4 78. hxg4 Kxg4 79.
Rb8 Kf4 1/2-1/2

[Event "European Blitz 2017"]
[Site "Katowice POL"]
[Date "2017.12.15"]
[Round "20.2"]
[White "Fressinet, Laurent"]
[Black "Andriasian, Zaven"]
[Result "1-0"]
[WhiteTitle "GM"]
[BlackTitle "GM"]
[WhiteElo "2662"]
[BlackElo "2585"]
[WhiteFideId "608742"]
[BlackFideId "13302000"]
[EventDate "2017.12.15"]
[EventType "blitz"]

1. e4 c5 2. Nf3 d6 3. Nc3 Nf6 4. e5 dxe5 5. Nxe5 a6 6. g3 Qc7 7. d4 cxd4 8. Qxd4
Nc6 9. Nxc6 Qxc6 10. Bg5 Qd7 11. O-O-O Qxd4 12. Rxd4 e5 13. Rd2 Bb4 14. Bg2 O-O
15. Re1 Re8 16. f4 Bxc3 17. bxc3 h6 18. Bxf6 gxf6 19. Rde2 Bg4 20. Re3 Re7 21.
fxe5 Rae8 22. Re4 Bf5 23. Rf4 Rxe5 24. Rxe5 Rxe5 25. Bxb7 a5 26. c4 Kf8 27. Bd5
Ke7 28. Kd2 h5 29. Rd4 Be6 30. Bf3 Rc5 31. Kc3 Re5 32. a3 Re3+ 33. Rd3 Re1 34.
Bxh5 Ra1 35. Kb2 Rh1 36. Rd2 Bxc4 37. Bf3 Rf1 38. Bd5 Ba6 39. c4 f5 40. Kc3 f4
41. Kd4 fxg3 42. hxg3 Ra1 43. Rd3 f6 44. Kc5 Re1 45. Kb6 Bc8 46. Kxa5 Bf5 47.
Rc3 Kd6 48. Kb4 Rb1+ 49. Rb3 Ra1 50. a4 Bd7 51. Ra3 Rb1+ 52. Kc3 Kc5 53. a5 Rg1
54. Kd2 Kb4 55. Rf3 Kxa5 56. Kc3 f5 57. Kd4 Kb4 58. Re3 Rd1+ 59. Ke5 Kc5 60. Be6
Bxe6 61. Kxe6 Rf1 62. Re5+ Kxc4 63. Rxf5 Rg1 64. Rf3 Kd4 65. Kf5 Kd5 66. g4 Kd6
67. g5 Ke7 68. Kg6 Ke6 69. Re3+ Kd7 70. Kf6 Rf1+ 71. Kg7 Rg1 72. g6 Rf1 73. Kg8
Rg1 74. g7 Kd6 75. Re4 Kd5 76. Re7 Kd6 77. Kf8 Rf1+ 78. Rf7 Kd5 1-0

[Event "European Blitz 2017"]
[Site "Katowice POL"]
[Date "2017.12.15"]
[Round "20.4"]
[White "Navara, David"]
[Black "Ponkratov, Pavel"]
[Result "1-0"]
[WhiteTitle "GM"]
[BlackTitle "GM"]
[WhiteElo "2740"]
[BlackElo "2613"]
[WhiteFideId "309095"]
[BlackFideId "4157800"]
[EventDate "2017.12.15"]
[EventType "blitz"]

1. d4 Nf6 2. c4 c5 3. d5 g6 4. Nc3 Bg7 5. e4 O-O 6. Nf3 e6 7. e5 Ng4 8. Bg5 Qb6
9. Qd2 Nxe5 10. Nxe5 Bxe5 11. O-O-O Na6 12. h4 Qa5 13. h5 Nb4 14. a3 b5 15. axb4
cxb4 16. Nb1 bxc4 17. hxg6 fxg6 18. dxe6 dxe6 19. Bxc4 Qc5 20. Qc2 Rxf2 21. Rd8+
Kg7 22. Bh6+ Kf7 23. Qxf2+ Qxf2 24. Rf8+ 1-0

[Event "European Blitz 2017"]
[Site "Katowice POL"]
[Date "2017.12.15"]
[Round "20.5"]
[White "McShane, Luke J"]
[Black "Warakomski, Tomasz"]
[Result "1-0"]
[WhiteTitle "GM"]
[BlackTitle "GM"]
[WhiteElo "2640"]
[BlackElo "2537"]
[WhiteFideId "404853"]
[BlackFideId "1124552"]
[EventDate "2017.12.15"]
[EventType "blitz"]

1. e4 c6 2. d4 d5 3. e5 c5 4. dxc5 e6 5. Nf3 Nd7 6. Bd3 Qc7 7. Qe2 Bxc5 8. O-O
Ne7 9. Bf4 a6 10. Nbd2 Nc6 11. Rfe1 b5 12. a4 bxa4 13. Rxa4 Nb6 14. Raa1 Nb4 15.
Nb3 Be7 16. Nbd4 h6 17. Qd2 Bb7 18. h4 Rc8 19. Bf1 Nc4 20. Qc1 Qb6 21. b3 Na5
22. Be3 Qc7 23. Qd2 Nac6 24. Nxc6 Qxc6 25. Rec1 Qc7 26. c3 Nc6 27. Bxa6 Bxa6 28.
Rxa6 Nxe5 29. Nxe5 Qxe5 30. Bd4 Qe4 31. g3 O-O 32. Re1 Qg4 33. Ra7 Bxh4 34. b4
Bg5 35. Qd3 h5 36. b5 h4 37. b6 hxg3 38. Qxg3 Qxg3+ 39. fxg3 Bf6 40. Rb1 Bxd4+
41. cxd4 Rb8 42. Rc7 g6 43. b7 Kg7 44. Kg2 g5 45. Rbc1 Rh8 46. Rd7 Rhf8 47. Rcc7
g4 48. Kf2 Kg6 49. Ke3 Rg8 50. Rxf7 Rge8 51. Rg7+ Kh6 52. Kf4 Rf8+ 53. Kxg4 Rg8
54. Rxg8 Rxg8+ 55. Kf4 Rb8 1-0

[Event "European Blitz 2017"]
[Site "Katowice POL"]
[Date "2017.12.15"]
[Round "20.6"]
[White "Tomczak, Jacek"]
[Black "Bartel, Mateusz"]
[Result "1-0"]
[WhiteTitle "GM"]
[BlackTitle "GM"]
[WhiteElo "2588"]
[BlackElo "2609"]
[WhiteFideId "1124668"]
[BlackFideId "1112635"]
[EventDate "2017.12.15"]
[EventType "blitz"]

1. e4 e5 2. Nf3 Nc6 3. d4 exd4 4. Bc4 Nf6 5. Ng5 Ne5 6. Bb3 d5 7. f4 Nc6 8. exd5
Na5 9. Ba4+ c6 10. Qxd4 Qxd5 11. Qe3+ Be6 12. Nc3 Qf5 13. Nxe6 fxe6 14. Bd2 Nc4
15. Qe2 Nxd2 16. Qxd2 Rd8 17. Qe2 Bc5 18. Bb3 Kf7 19. Rf1 Rhe8 20. Rf3 Kf8 21.
h3 Bb4 22. g4 Qc5 23. Kf1 Rd4 24. Na4 Qd6 25. c3 Rd2 26. Qe5 Rxb2 27. Nxb2 1-0

[Event "European Blitz 2017"]
[Site "Katowice POL"]
[Date "2017.12.15"]
[Round "20.7"]
[White "Bosiocic, Marin"]
[Black "Gajewski, Grzegorz"]
[Result "1-0"]
[WhiteTitle "GM"]
[BlackTitle "GM"]
[WhiteElo "2624"]
[BlackElo "2601"]
[WhiteFideId "14507927"]
[BlackFideId "1116207"]
[EventDate "2017.12.15"]
[EventType "blitz"]

1. d4 Nf6 2. Bg5 d5 3. e3 c5 4. Bxf6 gxf6 5. dxc5 e6 6. c4 dxc4 7. Nd2 c3 8.
bxc3 Bxc5 9. Ngf3 O-O 10. Be2 Nd7 11. O-O Qc7 12. Qc2 f5 13. Nd4 Kh8 14. Qb2 Be7
15. f4 b6 16. e4 fxe4 17. Nxe4 Nf6 18. c4 Bb7 19. Nb5 Qd8 20. Rad1 Bxe4 21. Rxd8
Raxd8 22. Bf3 Bd3 23. Rc1 a6 24. Na7 Bc5+ 25. Kh1 Bd4 26. Qd2 Be4 27. Qe2 Bxf3
28. Qxf3 Bc5 29. Nc6 Rd6 30. Qc3 Kg7 31. Qf3 Rc8 32. Ne5 Rcd8 33. h3 Kf8 34. Kh2
Rd2 35. Qb7 Nd7 36. Rf1 Nxe5 37. fxe5 R8d7 38. Qa8+ Kg7 39. Qf3 R2d3 40. Qf6+
Kf8 41. Qh8+ Ke7 42. Qg8 f5 43. exf6+ Kd6 44. f7 1-0

[Event "European Blitz 2017"]
[Site "Katowice POL"]
[Date "2017.12.15"]
[Round "20.8"]
[White "Stupak, Kirill"]
[Black "Aleksandrov, Aleksej"]
[Result "0-1"]
[WhiteTitle "GM"]
[BlackTitle "GM"]
[WhiteElo "2588"]
[BlackElo "2589"]
[WhiteFideId "13503758"]
[BlackFideId "13500139"]
[EventDate "2017.12.15"]
[EventType "blitz"]

1. Nf3 Nf6 2. g3 b5 3. Bg2 Bb7 4. a4 b4 5. O-O e6 6. c4 bxc3 7. Nxc3 Be7 8. d3
O-O 9. e4 d6 10. Qc2 c5 11. d4 Na6 12. Rd1 cxd4 13. Nxd4 Qc8 14. Qe2 Nb4 15. Be3
a6 16. Rac1 Qb8 17. Bf4 Nd7 18. Qc4 a5 19. Ndb5 Ne5 20. Qe2 Rd8 21. h4 h6 22.
Be3 Nd7 23. Bf4 Ne5 24. Rd2 Ra6 25. Rcd1 Rc6 26. b3 Rcc8 27. Kh2 Ba8 28. Kg1 Bb7
29. Qe3 Ba8 30. Qe2 Bb7 31. Be3 Ba8 32. Ba7 Qb7 33. Bd4 Qb8 34. f4 Nd7 35. Ba7
Qb7 36. Bf2 Nc5 37. Nxd6 Bxd6 38. Rxd6 Rxd6 39. Rxd6 Nxb3 40. Nb5 Rc1+ 41. Kh2
Rc2 42. Rd8+ Kh7 43. Qe1 Nc1 44. Qe3 Ncd3 45. Bg1 Qxe4 46. Qxe4+ Bxe4 0-1

[Event "European Blitz 2017"]
[Site "Katowice POL"]
[Date "2017.12.15"]
[Round "20.10"]
[White "Jakubowski, Krzysztof"]
[Black "Jaracz, Pawel"]
[Result "1/2-1/2"]
[WhiteTitle "GM"]
[BlackTitle "GM"]
[WhiteElo "2526"]
[BlackElo "2465"]
[WhiteFideId "1112848"]
[BlackFideId "1102222"]
[EventDate "2017.12.15"]
[EventType "swiss"]

1. c4 Nf6 2. b3 c6 3. Bb2 d5 4. e3 a6 5. Nf3 Bg4 6. h3 Bh5 7. Nc3 e6 8. g4 Bg6
9. Ne5 Nbd7 10. Nxg6 hxg6 11. d4 g5 12. c5 e5 13. f3 Qe7 14. Na4 g6 15. Qd2 Bg7
16. O-O-O O-O 17. Qf2 Rfe8 18. Bg2 Nh7 19. Rde1 exd4 20. exd4 Qf6 21. Bc3 Nhf8
22. Kb2 Ne6 23. Re3 Ndxc5 24. Nxc5 Nxc5 25. dxc5 d4 26. Rxe8+ Rxe8 27. Bb4 d3+
28. Ka3 Re2 1/2-1/2

[Event "European Blitz 2017"]
[Site "Katowice POL"]
[Date "2017.12.15"]
[Round "20.11"]
[White "Mohr, Georg"]
[Black "Wojtaszek, Radoslaw"]
[Result "0-1"]
[WhiteTitle "GM"]
[BlackTitle "GM"]
[WhiteElo "2473"]
[BlackElo "2736"]
[WhiteFideId "14600013"]
[BlackFideId "1118358"]
[EventDate "2017.12.15"]
[EventType "blitz"]

1. e4 c5 2. Nf3 d6 3. d4 cxd4 4. Nxd4 Nf6 5. f3 e5 6. Nb3 Be7 7. c4 a5 8. Be3 a4
9. Nc1 O-O 10. Nc3 Qa5 11. Qd2 Nc6 12. Be2 Bd8 13. Nb5 Qxd2+ 14. Kxd2 Ba5+ 15.
Kc2 Rd8 16. Rd1 Ne8 17. Nd3 Be6 18. b3 Nc7 19. Nxc7 Bxc7 20. Kc3 Rdc8 21. Rdc1
Bd8 22. Kb2 f5 23. Rab1 Bf6 24. Nf2 Nd4 25. Bd3 f4 26. Bxd4 exd4 27. b4 a3+ 28.
Kb3 b5 29. Rc2 Bh4 30. Nd1 Be1 31. Rbc1 Ra4 32. Re2 Rxb4+ 33. Kc2 bxc4 34. Rxe1
cxd3+ 35. Kd2 Rxc1 36. Kxc1 Bxa2 37. Nf2 Rb1+ 38. Kd2 Rb2+ 39. Kxd3 Rxf2 40.
Kxd4 Be6 41. Rb1 a2 42. Rb8+ Kf7 0-1

[Event "European Blitz 2017"]
[Site "Katowice POL"]
[Date "2017.12.15"]
[Round "20.13"]
[White "Brunello, Sabino"]
[Black "Neiksans, Arturs"]
[Result "1/2-1/2"]
[WhiteTitle "GM"]
[BlackTitle "GM"]
[WhiteElo "2553"]
[BlackElo "2590"]
[WhiteFideId "813613"]
[BlackFideId "11601388"]
[EventDate "2017.12.15"]
[EventType "blitz"]

1. d4 Nf6 2. c4 e6 3. Nf3 b6 4. g3 Bb7 5. Bg2 Be7 6. O-O O-O 7. Nc3 Ne4 8. Bd2
Bf6 9. Ne5 Nxc3 10. Bxc3 Bxg2 11. Kxg2 d5 12. Ng4 Be7 13. Qa4 c6 14. Ne5 dxc4
15. Qxc4 Qd5+ 16. Qxd5 cxd5 17. Rfc1 f6 18. Nd3 Nc6 19. e3 Bd6 20. Bd2 Rac8 21.
Rc2 Ne7 22. Rac1 Rxc2 23. Rxc2 Rc8 24. Rxc8+ Nxc8 25. Bb4 Bc7 26. a4 Kf7 27. b3
Nd6 28. g4 Ne4 29. f3 Nd6 30. Bxd6 Bxd6 31. b4 e5 32. dxe5 fxe5 33. e4 d4 34. b5
Ke6 35. h4 Be7 36. h5 Bg5 37. Kf2 Kd6 38. Ke2 g6 39. hxg6 hxg6 40. Kd1 Be7 41.
Kc2 Ke6 42. Kb3 Bd6 43. Kc4 g5 44. Ne1 Be7 45. Nd3 Bd6 46. Nf2 Be7 47. Nh1 Bd6
48. Ng3 Be7 49. Ne2 Bd6 50. Nc1 Be7 51. Nb3 Bd8 52. Nd2 Be7 53. Kb3 Bd6 54. Nc4
Bc7 55. Kb4 Bd8 56. Nb2 1/2-1/2

[Event "European Blitz 2017"]
[Site "Katowice POL"]
[Date "2017.12.15"]
[Round "20.14"]
[White "Valsecchi, Alessio"]
[Black "Plat, Vojtech"]
[Result "1-0"]
[WhiteTitle "IM"]
[BlackTitle "GM"]
[WhiteElo "2501"]
[BlackElo "2567"]
[WhiteFideId "818860"]
[BlackFideId "325740"]
[EventDate "2017.12.15"]
[EventType "blitz"]

1. d4 Nf6 2. c4 g6 3. Nf3 Bg7 4. g3 d5 5. cxd5 Nxd5 6. Bg2 Nb6 7. O-O Nc6 8. e3
O-O 9. Nc3 e5 10. d5 Na5 11. e4 Nac4 12. b3 Nd6 13. Bb2 f5 14. exf5 Bxf5 15. Rc1
Bg4 16. h3 Bxf3 17. Bxf3 e4 18. Bg4 Nf5 19. Rc2 Nd4 20. Rd2 Nf3+ 21. Bxf3 exf3
22. Kh2 Qd7 23. Rd3 Qf5 24. Re1 Rf7 25. Ree3 Qh5 26. Rxf3 Raf8 27. Rxf7 Rxf7 28.
Qxh5 gxh5 29. Kg2 Rd7 30. Ba3 Bxc3 31. Rxc3 Nxd5 32. Rf3 Rf7 33. Rd3 c6 34. Rd4
Rf6 35. Re4 Kf7 36. Re5 h4 37. Bc1 hxg3 38. fxg3 Re6 39. Rf5+ Kg6 40. Rg5+ Kf6
41. Kf2 Nc3 42. Rh5 Re2+ 43. Kf3 Rxa2 44. Rxh7 Nb5 45. Be3 b6 46. Rh6+ Ke5 47.
Rxc6 Rb2 48. Rh6 Rxb3 49. Rh5+ Ke6 50. h4 Nd4+ 51. Ke4 Ne2 52. Rh6+ Kf7 53. g4
Ng3+ 54. Kf4 Ne2+ 55. Kf3 Nd4+ 56. Ke4 Ne6 57. Rh7+ Kg8 58. Rxa7 Rb4+ 59. Kf3 b5
60. h5 Rb3 61. Ke4 Rb4+ 62. Kf3 Rb3 63. Re7 Ng5+ 64. Kf4 Nf7 65. g5 Rb4+ 66. Kf5
Rb1 67. g6 Rf1+ 68. Kg4 Nd6 69. Bd4 Rf8 1-0